Тезисы докладов... [5]: ...на секции кукурузы, сорго и проса (Запись № 7820025)

Подробности
000 -МАРКЕР
контрольное поле 01599nam2a22002411 4500
001 - ИДЕНТИФИКАТОР ЗАПИСИ
контрольное поле rc\4741219
005 - ИДЕНТИФИКАТОР ВЕРСИИ
контрольное поле 20250612015325.0
021 ## - НОМЕР ГОСУДАРСТВЕННОЙ РЕГИСТРАЦИИ
Код страны Российская Федерация
Номер Рг1607-67
035 ## - ДРУГИЕ СИСТЕМНЫЕ НОМЕРА
Идентификатор записи (NLR Aleph) 008452802
100 ## - ДАННЫЕ ОБЩЕЙ ОБРАБОТКИ
Данные общей обработки 20130416d1966 |||y0rusy50 ca
101 0# - ЯЗЫК РЕСУРСА
Язык текста, звукозаписи и т.д. русский
102 ## - СТРАНА ПУБЛИКАЦИИ ИЛИ ПРОИЗВОДСТВА
Страна публикации Российская Федерация
105 ## - ПОЛЕ КОДИРОВАННЫХ ДАННЫХ: ТЕКСТОВЫЕ МАТЕРИАЛЫ, МОНОГРАФИЧЕСКИЕ
Кодированные данные о монографическом текстовом документе y z |||||
200 1# - ЗАГЛАВИЕ И СВЕДЕНИЯ ОБ ОТВЕТСТВЕННОСТИ
Основное заглавие ...на секции кукурузы, сорго и проса
210 ## - ПУБЛИКАЦИЯ, РАСПРОСТРАНЕНИЕ И ДР.
Дата издания, распространения и т.д. 1966
Место издания, распространения и т.д. Б. м.
215 ## - ФИЗИЧЕСКАЯ ХАРАКТЕРИСТИКА
Специфическое обозначение материала и объем 80 с.
461 #0 - УРОВЕНЬ НАБОРА
Встроенное поле 001rc\4741215
-- 2001#$aТезисы докладов...$fВсесоюз. акад. с.-х. наук им. В.И. Ленина. Отд-ние общей биологии и Отд-ние биохимии, биофизики и химии физиологически активных соединений АН СССР. Объедин. науч. сессия по проблемам гетерозиса. 22-26 ноября 1966 г.$v[5]
Системный номер (АБИС) связанной записи 7820001
Автор Объединенная научная сессия по проблемам гетерозиса (1966; Москва)
Место публикации Москва
Дата публикации 1966
Первые сведения об ответственности Всесоюз. акад. с.-х. наук им. В.И. Ленина. Отд-ние общей биологии и Отд-ние биохимии, биофизики и химии физиологически активных соединений АН СССР. Объедин. науч. сессия по проблемам гетерозиса. 22-26 ноября 1966 г.
Имя издателя, распространителя и т.д. Б. и.
Заглавие Тезисы докладов...
Номер тома [5]
801 #0 - ИСТОЧНИК ЗАПИСИ
Страна Российская Федерация
Организация NLR
Правила каталогизации psbo
801 #1 - ИСТОЧНИК ЗАПИСИ
Страна Российская Федерация
Организация ELAR
Источник данных rusmarc
852 ## - МЕСТОНАХОЖДЕНИЕ И ШИФР ХРАНЕНИЯ
Идентификатор организации NLR
Шифр хранения (Call Number) 67-4/1392
942 ## - ДОПОЛНИТЕЛЬНЫЕ ЭЛЕМЕНТЫ ЗАПИСИ (АБИС)
Тип экземпляра АБИС Книга
980 ## - КОЛЛЕКЦИЯ
Название коллекции Национальная библиография
Экземпляры
Тип экземпляра Дата поступления Библиотека постоянного хранения Библиотека текущего хранения Место хранения Шифр хранения Штрих-код Статус экземпляра
Книга 26.10.2013 РНБ (Московский) РНБ (Московский) Русский книжный фонд: издания с 1957 года 67-4/1392 8452802-10